8th and 9th Century History - Statistics

General Stats
  • This quiz has been taken 2,356 times
  • The average score is 10 of 20
Answer Stats
Year Description Answer % Correct
841 This Irish city is founded by Vikings Dublin
90%
860s The first Norse settlers arrive on this island Iceland
89%
700s In India, this number is created Zero
78%
800s This civilization of the Yucatan begins to decline Maya
77%
700s This epic poem is written and passed down in England Beowulf
75%
868 Vimara Peres establishes this dependent county in west Iberia Portugal
72%
794 Kammu moves the Japanese capital to this city, beginning the Heian period Kyoto
67%
871 This 'great' English king begins his tumultuous reign Alfred the Great
63%
800 Pope Leo crowns this man Roman Emperor Charlemagne
63%
845 In China, this nontheistic religion is banned Buddhism
62%
735 This "Father of English History" and 'Venerable' English monk dies Bede
37%
732 At Tours, this 'Hammer' defeats the invading Arab armies Charles Martel
34%
809 The Byzantines begin a destructive war with this northern neighbor Bulgaria
32%
726 Emperor Leo smashes a graven image, beginning this controversy Iconoclast
26%
711 The Moors cross the Gibraltar, creating this Muslim state in Iberia Al-Andalus
24%
750 Marwan II is overthrown, this new Muslim caliphate begins Abbasid
22%
878 The treaty that gave the Saxons and Danes portions of England Wedmore
18%
830 In modern Mali/ Mauritania this empire is established Ghana
13%
843 At this city, a treaty is made that divides the Frankish Empire into three parts Verdun
12%
786 This smart, cunning caliph ruled during the Islamic Golden Age Harun al-Rashid
8%
No matching quizzes found
Score Distribution
Percent of People with Each Score
Percentile by Number Answered
Your Score History
You have not taken this quiz